[Event "Weijers OHK op"]
[Site "Weijers"]
[Date "2003.??.??"]
[Round "?"]
[White "Gruisen, Hans"]
[Black "Driessens, Patrick"]
[Result "0-1"]
[WhiteElo "1835"]
[BlackElo "2225"]
[PlyCount "82"]
[EventDate "2003.??.??"]
[EventType "swiss"]
[EventRounds "7"]
[EventCountry "NED"]
[SourceTitle "EXT 2007"]
[Source "ChessBase"]
[SourceDate "2006.11.23"]
[SourceVersion "1"]
[SourceVersionDate "2006.11.23"]
[SourceQuality "1"]

1. e4 e6 2. d4 d5 3. e5 c5 4. c3 Nc6 5. Nf3 Bd7 6. a3 c4 7. g3 f6 8. exf6 Nxf6 9. Bg5 Bd6 10. Nbd2 h6 11. Be3 0-0 12. Nh4 e5 13. dxe5 Nxe5 14. Nxc4 Bg4 15. f3 Nxc4 16. Bxc4 dxc4 17. fxg4 Qe8 18. Nf5 Qe4 19. 0-0 Nxg4 20. Qd4 Qxd4 21. Bxd4 Be5 22. Ne7+ Kh7 23. Rxf8 Bxd4+ 24. cxd4 Rxf8 25. d5 Rd8 26. Rd1 Ne5 27. Kf2 Rd7 28. d6 Nd3+ 29. Ke3 Rxd6 30. Nc8 Re6+ 31. Kd4 Re2 32. b3 Nf2 33. Rb1 Rd2+ 34. Ke3 c3 35. Nxa7 Ng4+ 36. Kf4 Nf6 37. Nb5 g5+ 38. Ke5 Ng4+ 39. Ke6 c2 40. Rc1 Ne3 41. Nc3 Rd3 0-1

[Event "Weijers OHK op"]
[Site "Weijers"]
[Date "2003.??.??"]
[Round "?"]
[White "Gruisen, Hans"]
[Black "Lafleur, John"]
[Result "1-0"]
[WhiteElo "1835"]
[BlackElo "1810"]
[PlyCount "85"]
[EventDate "2003.??.??"]
[EventType "swiss"]
[EventRounds "7"]
[EventCountry "NED"]
[SourceTitle "EXT 2007"]
[Source "ChessBase"]
[SourceDate "2006.11.23"]
[SourceVersion "1"]
[SourceVersionDate "2006.11.23"]
[SourceQuality "1"]

1. e4 e5 2. Nf3 Nf6 3. Nc3 Nc6 4. d4 exd4 5. Nxd4 d6 6. Bg5 Be7 7. Bb5 Bd7 8. Qd2 Nxd4 9. Qxd4 Bxb5 10. Nxb5 a6 11. Nc3 0-0 12. 0-0-0 Ng4 13. Bxe7 Qxe7 14. Nd5 Qd8 15. f4 Nf6 16. Nc3 Re8 17. g4 c5 18. Qd3 b5 19. g5 b4 20. gxf6 bxc3 21. Qxc3 Qxf6 22. Qxf6 gxf6 23. Rxd6 Rxe4 24. Rg1+ Kf8 25. Rxf6 Re2 26. Rh6 Rd8 27. Rd1 Rxd1+ 28. Kxd1 Rf2 29. Rxh7 Rxf4 30. Kd2 Ke7 31. Rh3 Ke6 32. Re3+ Kd5 33. Ke2 f5 34. Rf3 Re4+ 35. Kf2 f4 36. Rd3+ Ke5 37. Rc3 c4 38. Kf3 Rd4 39. Kg4 a5 40. h4 a4 41. h5 Ke4 42. h6 f3 43. Rxf3 1-0

[Event "LiSB-ch B"]
[Site "Stein"]
[Date "2000.11.26"]
[Round "4"]
[White "Moonen, Hans"]
[Black "Gruisen, Hans"]
[Result "1-0"]
[WhiteElo "1857"]
[BlackElo "1815"]
[PlyCount "54"]
[EventDate "2000.11.25"]
[EventType "swiss"]
[EventRounds "7"]
[EventCountry "NED"]
[SourceTitle "EXT 2013"]
[Source "ChessBase"]
[SourceDate "2012.11.22"]
[SourceVersion "1"]
[SourceVersionDate "2012.11.22"]
[SourceQuality "1"]

1. e4 c5 2. d4 cxd4 3. c3 dxc3 4. Nxc3 d6 5. Nf3 Nc6 6. Bc4 g6 7. Qb3 e6 8. Bf4 Be7 9. Rd1 a6 10. Be2 Qc7 11. 0-0 Nf6 12. Qa4 Rb8 13. e5 b5 14. Nxb5 axb5 15. Bxb5 Rxb5 16. Qxb5 Nd5 17. exd6 Bxd6 18. Ne5 Bxe5 19. Bxe5 Qxe5 20. Qxc6+ Bd7 21. Qc5 Kd8 22. Rfe1 Qc7 23. Qd4 Re8 24. Qh4+ Ne7 25. Rc1 Qa5 26. Red1 h5 27. b4 Rh8 1-0